[Event "DVM U14 2022"]
[Site "Kelheim GER"]
[Date "2022.12.29"]
[Round "5"]
[White "Zhang, Yibo"]
[Black "Moldovan, Tatiana"]
[Result "1-0"]
[Termination "normal"]
[Board "6.1"]
[WhiteElo "1537"]
[BlackElo "1435"]
[WhiteClock "01:13:04"]
[BlackClock "01:15:31"]
[WhiteTeam "SV Stuttgart-Wolfbusch 1956 e.V."]
[BlackTeam "SG Königskinder Hohentübingen e.V."]
[PlyCount "65"]
[WhiteFideId "16287657"]
[BlackFideId "16287398"]
[EventCountry "GER"]
[EventRounds "7"]
[EventType "team-swiss"]
[EventDate "2022.12.26"]

1. e4 {[%clk 01:30:46]} {[%emt 00:00:14]} c5 {[%clk 01:30:32]} {[%emt
00:00:27]} 2. Nf3 {[%clk 01:31:07]} {[%emt 00:00:09]} a6 {[%clk 01:30:58]}
{[%emt 00:00:05]} 3. Nc3 {[%clk 01:31:28]} {[%emt 00:00:09]} e6 {[%clk
01:31:23]} {[%emt 00:00:05]} 4. d4 {[%clk 01:31:53]} {[%emt 00:00:05]} cxd4
{[%clk 01:31:48]} {[%emt 00:00:05]} 5. Nxd4 {[%clk 01:32:17]} {[%emt 00:00:05]}
Qc7 {[%clk 01:32:10]} {[%emt 00:00:09]} 6. Bd3 {[%clk 01:32:22]} {[%emt
00:00:25]} Bb4 {[%clk 01:31:27]} {[%emt 00:01:12]} 7. Bd2 {[%clk 01:32:41]}
{[%emt 00:00:10]} Bc5 {[%clk 01:31:52]} {[%emt 00:00:06]} 8. Nb3 {[%clk
01:32:32]} {[%emt 00:00:39]} Ba7 {[%clk 01:31:51]} {[%emt 00:00:31]} 9. O-O
{[%clk 01:32:30]} {[%emt 00:00:33]} b5 {[%clk 01:32:12]} {[%emt 00:00:09]} 10.
Qe2 {[%clk 01:31:01]} {[%emt 00:01:59]} Bb7 {[%clk 01:32:22]} {[%emt 00:00:20]}
11. Qg4 {[%clk 01:29:12]} {[%emt 00:02:19]} Kf8 {[%clk 01:31:22]} {[%emt
00:01:30]} 12. a4 {[%clk 01:18:07]} {[%emt 00:11:33]} Nf6 {[%clk 01:29:13]}
{[%emt 00:02:40]} 13. Qh4 {[%clk 01:18:03]} {[%emt 00:00:35]} b4 {[%clk
01:29:02]} {[%emt 00:00:41]} 14. Na2 {[%clk 01:18:17]} {[%emt 00:00:16]} a5
{[%clk 01:29:22]} {[%emt 00:00:10]} 15. Nxa5 {[%clk 01:18:36]} {[%emt
00:00:11]} Bc5 {[%clk 01:28:23]} {[%emt 00:01:29]} 16. Nxb7 {[%clk 01:16:22]}
{[%emt 00:02:43]} Qxb7 {[%clk 01:28:46]} {[%emt 00:00:07]} 17. e5 {[%clk
01:16:31]} {[%emt 00:00:21]} Ne8 {[%clk 01:28:09]} {[%emt 00:01:07]} 18. Nxb4
{[%clk 01:16:33]} {[%emt 00:00:28]} Nc6 {[%clk 01:27:41]} {[%emt 00:00:58]} 19.
Nxc6 {[%clk 01:15:39]} {[%emt 00:01:24]} Qxc6 {[%clk 01:27:52]} {[%emt
00:00:19]} 20. Be4 {[%clk 01:15:44]} {[%emt 00:00:26]} Rxa4 {[%clk 01:27:15]}
{[%emt 00:01:07]} 21. b4 {[%clk 01:14:39]} {[%emt 00:01:34]} Qb5 {[%clk
01:23:51]} {[%emt 00:03:54]} 22. bxc5 {[%clk 01:13:29]} {[%emt 00:01:40]} Rd4
{[%clk 01:21:23]} {[%emt 00:02:58]} 23. Bd3 {[%clk 01:11:38]} {[%emt 00:02:21]}
Qxc5 {[%emt 00:00:42]} 24. Be3 {[%clk 01:11:54]} {[%emt 00:00:13]} Rxh4 {[%clk
01:20:44]} {[%emt 00:00:59]} 25. Bxc5 {[%clk 01:12:18]} {[%emt 00:00:06]} d6
{[%clk 01:20:20]} {[%emt 00:00:54]} 26. exd6 {[%clk 01:12:38]} {[%emt
00:00:09]} f5 {[%clk 01:15:56]} {[%emt 00:04:54]} 27. d7 {[%clk 01:12:26]}
{[%emt 00:00:42]} Kf7 {[%clk 01:14:57]} {[%emt 00:01:30]} 28. d8=Q {[%clk
01:12:30]} {[%emt 00:00:26]} Rh6 {[%clk 01:14:53]} {[%emt 00:00:34]} 29. Qe7
{[%clk 01:12:40]} {[%emt 00:00:19]} Kg6 {[%clk 01:15:17]} {[%emt 00:00:06]} 30.
Qxe6 {[%clk 01:12:54]} {[%emt 00:00:16]} Nf6 {[%clk 01:15:27]} {[%emt
00:00:22]} 31. Qxf5 {[%clk 01:12:17]} {[%emt 00:01:06]} Kf7 {[%clk 01:15:48]}
{[%emt 00:00:09]} 32. Ra7 {[%clk 01:12:43]} {[%emt 00:00:03]} Ke8 {[%clk
01:15:31]} {[%emt 00:00:48]} 33. Qc8# {[%clk 01:13:04]} {[%emt 00:00:09]} 1-0

[Event "DVM U14 2022"]
[Site "Kelheim GER"]
[Date "2022.12.29"]
[Round "5"]
[White "Moldovan, Stela"]
[Black "Marinin, Georgii"]
[Result "1/2-1/2"]
[Termination "normal"]
[Board "6.2"]
[WhiteElo "1271"]
[BlackElo "1425"]
[WhiteClock "01:27:58"]
[BlackClock "08:16:22"]
[WhiteTeam "SG Königskinder Hohentübingen e.V."]
[BlackTeam "SV Stuttgart-Wolfbusch 1956 e.V."]
[PlyCount "84"]
[WhiteFideId "16287380"]
[BlackFideId "34617140"]
[EventCountry "GER"]
[EventRounds "7"]
[EventType "team-swiss"]
[EventDate "2022.12.26"]

1. d4 {[%clk 01:30:56]} {[%emt 00:00:05]} d5 {[%clk 01:30:57]} {[%emt
00:00:03]} 2. Nf3 {[%clk 01:31:11]} {[%emt 00:00:14]} c6 {[%clk 01:31:16]}
{[%emt 00:00:12]} 3. e3 {[%clk 01:31:20]} {[%emt 00:00:21]} Bf5 {[%clk
01:31:39]} {[%emt 00:00:07]} 4. Bd3 {[%clk 01:31:39]} {[%emt 00:00:11]} Bg6
{[%clk 01:32:02]} {[%emt 00:00:07]} 5. b3 {[%clk 01:32:00]} {[%emt 00:00:09]}
e6 {[%clk 01:32:12]} {[%emt 00:00:20]} 6. Bb2 {[%clk 01:32:24]} {[%emt
00:00:06]} Nd7 {[%clk 01:32:25]} {[%emt 00:00:16]} 7. O-O {[%clk 01:32:32]}
{[%emt 00:00:23]} Ngf6 {[%clk 01:31:32]} {[%emt 00:01:23]} 8. Ne5 {[%clk
01:31:58]} {[%emt 00:01:03]} Bd6 {[%clk 01:31:29]} {[%emt 00:00:33]} 9. f4
{[%clk 01:31:58]} {[%emt 00:00:30]} O-O {[%clk 01:30:54]} {[%emt 00:01:07]} 10.
Nd2 {[%clk 01:30:20]} {[%emt 00:02:06]} Bxe5 {[%clk 01:26:48]} {[%emt
00:04:36]} 11. Bxg6 {[%clk 01:27:58]} {[%emt 00:02:52]} hxg6 {[%clk 08:16:22]}
12. dxe5 {[%clk 01:27:58]} Nh7 {[%clk 08:16:22]} 13. Qg4 {[%clk 01:27:58]} Re8
{[%clk 08:16:22]} 14. Rf3 {[%clk 01:27:58]} Ndf8 {[%clk 08:16:22]} 15. h4
{[%clk 01:27:58]} Rc8 {[%clk 08:16:22]} 16. h5 {[%clk 01:27:58]} c5 {[%clk
08:16:22]} 17. Rh3 {[%clk 01:27:58]} b5 {[%clk 08:16:22]} 18. a4 {[%clk
01:27:58]} b4 {[%clk 08:16:22]} 19. hxg6 {[%clk 01:27:58]} fxg6 {[%clk
08:16:22]} 20. Nf3 {[%clk 01:27:58]} c4 {[%clk 08:16:22]} 21. Bd4 {[%clk
01:27:58]} a5 {[%clk 08:16:22]} 22. Nh4 {[%clk 01:27:58]} g5 {[%clk 08:16:22]}
23. Nf3 {[%clk 01:27:58]} g6 {[%clk 08:16:22]} 24. Nxg5 {[%clk 01:27:58]} Nxg5
{[%clk 08:16:22]} 25. fxg5 {[%clk 01:27:58]} Re7 {[%clk 08:16:22]} 26. Rf1
{[%clk 01:27:58]} cxb3 {[%clk 08:16:22]} 27. cxb3 {[%clk 01:27:58]} Qd7 {[%clk
08:16:22]} 28. Rhf3 {[%clk 01:27:58]} Rg7 {[%clk 08:16:22]} 29. Bb6 {[%clk
01:27:58]} Nh7 {[%clk 08:16:22]} 30. Bxa5 {[%clk 01:27:58]} Rb8 {[%clk
08:16:22]} 31. Bxb4 {[%clk 01:27:58]} d4 {[%clk 08:16:22]} 32. exd4 {[%clk
01:27:58]} Rxb4 {[%clk 08:16:22]} 33. Rd3 {[%clk 01:27:58]} Qd5 {[%clk
08:16:22]} 34. Rc1 {[%clk 01:27:58]} Rxb3 {[%clk 08:16:22]} 35. Rxb3 {[%clk
01:27:58]} Qxb3 {[%clk 08:16:22]} 36. Qf4 {[%clk 01:27:58]} Rf7 {[%clk
08:16:22]} 37. Rc8 {[%clk 01:27:58]} Nf8 {[%clk 08:16:22]} 38. Qe4 {[%clk
01:27:58]} Qd1 {[%clk 08:16:22]} 39. Kh2 {[%clk 01:27:58]} Qh5 {[%clk
08:16:22]} 40. Kg1 {[%clk 01:27:58]} Qd1 {[%clk 08:16:22]} 41. Kh2 {[%clk
01:27:58]} Qh5 {[%clk 08:16:22]} 42. Kg1 {[%clk 01:27:58]} Qd1 {[%clk
08:16:22]} 1/2-1/2

[Event "DVM U14 2022"]
[Site "Kelheim GER"]
[Date "2022.12.29"]
[Round "5"]
[White "Friedrich, Timofej"]
[Black "Moldovan, Tudor"]
[Result "1/2-1/2"]
[Termination "normal"]
[Board "6.3"]
[WhiteElo "1461"]
[BlackElo "1263"]
[WhiteClock "00:29:12"]
[BlackClock "00:26:00"]
[WhiteTeam "SV Stuttgart-Wolfbusch 1956 e.V."]
[BlackTeam "SG Königskinder Hohentübingen e.V."]
[PlyCount "47"]
[WhiteFideId "34617191"]
[BlackFideId "16288203"]
[EventCountry "GER"]
[EventRounds "7"]
[EventType "team-swiss"]
[EventDate "2022.12.26"]

1. e4 {[%clk 01:30:58]} {[%emt 00:08:06]} g6 {[%clk 01:30:53]} {[%emt
00:00:07]} 2. d4 {[%clk 01:31:19]} {[%emt 00:00:10]} Bg7 {[%clk 01:31:11]}
{[%emt 00:00:11]} 3. Nf3 {[%clk 01:31:16]} {[%emt 00:00:33]} d6 {[%clk
01:31:22]} {[%emt 00:00:20]} 4. Bd3 {[%clk 01:31:07]} {[%emt 00:00:38]} Nc6
{[%clk 01:31:24]} {[%emt 00:00:29]} 5. c3 {[%clk 01:30:52]} {[%emt 00:00:45]}
Nf6 {[%clk 01:30:41]} {[%emt 00:01:13]} 6. h3 {[%clk 01:30:26]} {[%emt
00:00:55]} e6 {[%clk 01:25:10]} {[%emt 00:06:01]} 7. Be3 {[%clk 01:29:04]}
{[%emt 00:01:52]} O-O {[%clk 01:24:01]} {[%emt 00:01:38]} 8. O-O {[%clk
01:27:18]} {[%emt 00:02:17]} Ne7 {[%clk 01:22:54]} {[%emt 00:01:37]} 9. Nh2
{[%clk 01:24:24]} {[%emt 00:03:24]} Ne8 {[%clk 01:15:27]} {[%emt 00:07:56]} 10.
f4 {[%clk 01:17:54]} {[%emt 00:07:01]} f5 {[%clk 01:12:53]} {[%emt 00:03:04]}
11. e5 {[%clk 01:10:21]} {[%emt 00:08:03]} Nd5 {[%clk 01:09:41]} {[%emt
00:03:42]} 12. Qe2 {[%clk 01:05:15]} {[%emt 00:05:35]} b6 {[%clk 01:07:09]}
{[%emt 00:03:03]} 13. Bc4 {[%clk 01:02:11]} {[%emt 00:03:34]} Bb7 {[%clk
01:01:01]} {[%emt 00:06:38]} 14. Bxd5 {[%clk 01:00:13]} {[%emt 00:02:28]} Bxd5
{[%clk 00:59:20]} {[%emt 00:02:10]} 15. Nf3 {[%clk 00:59:16]} {[%emt 00:01:28]}
h6 {[%clk 00:52:57]} {[%emt 00:06:52]} 16. Nbd2 {[%clk 00:49:28]} {[%emt
00:10:18]} Bb7 {[%clk 00:46:17]} {[%emt 00:07:11]} 17. h4 {[%clk 00:43:00]}
{[%emt 00:06:58]} Qd7 {[%emt 00:08:45]} 18. Nh2 {[%clk 00:38:13]} {[%emt
00:01:23]} Kh7 {[%clk 00:38:06]} {[%emt 00:04:20]} 19. g4 {[%clk 00:35:38]}
{[%emt 00:03:05]} Rg8 {[%clk 00:36:45]} {[%emt 00:01:50]} 20. g5 {[%clk
00:35:21]} {[%emt 00:00:48]} h5 {[%clk 00:32:40]} {[%emt 00:04:35]} 21. Nhf3
{[%clk 00:34:39]} {[%emt 00:01:11]} Qc6 {[%clk 00:27:22]} {[%emt 00:05:47]} 22.
Rf2 {[%clk 00:30:55]} {[%emt 00:04:15]} Rd8 {[%clk 00:26:00]} {[%emt 00:01:53]}
23. Qc4 {[%clk 00:29:12]} {[%emt 00:02:13]} Qxc4 {[%emt 00:02:53]} 24. Nxc4
{[%emt 00:00:02]} 1/2-1/2

[Event "DVM U14 2022"]
[Site "Kelheim GER"]
[Date "2022.12.29"]
[Round "5"]
[White "Großmann, Moritz"]
[Black "Schimann, Kirill"]
[Result "0-1"]
[Termination "normal"]
[Board "6.4"]
[WhiteElo "1372"]
[BlackElo "1363"]
[WhiteClock "00:23:29"]
[BlackClock "01:06:02"]
[WhiteTeam "SG Königskinder Hohentübingen e.V."]
[BlackTeam "SV Stuttgart-Wolfbusch 1956 e.V."]
[PlyCount "84"]
[WhiteFideId "34640266"]
[BlackFideId "16296338"]
[EventCountry "GER"]
[EventRounds "7"]
[EventType "team-swiss"]
[EventDate "2022.12.26"]

1. d4 {[%clk 01:30:57]} {[%emt 00:00:03]} d5 {[%clk 01:30:56]} {[%emt
00:00:03]} 2. Nf3 {[%clk 01:31:14]} {[%emt 00:00:14]} c6 {[%clk 01:31:11]}
{[%emt 00:00:15]} 3. e3 {[%clk 01:31:18]} {[%emt 00:00:26]} Bf5 {[%clk
01:31:31]} {[%emt 00:00:09]} 4. c4 {[%clk 01:31:05]} {[%emt 00:00:43]} e6
{[%clk 01:31:27]} {[%emt 00:00:35]} 5. Nc3 {[%clk 01:29:55]} {[%emt 00:01:39]}
Nd7 {[%clk 01:30:43]} {[%emt 00:01:13]} 6. Be2 {[%clk 01:25:43]} {[%emt
00:04:43]} Ngf6 {[%clk 01:30:40]} {[%emt 00:00:34]} 7. O-O {[%clk 01:17:09]}
{[%emt 00:09:05]} Bd6 {[%clk 01:29:57]} {[%emt 00:01:09]} 8. b3 {[%clk
01:14:16]} {[%emt 00:03:25]} O-O {[%clk 01:29:35]} {[%emt 00:00:52]} 9. Bb2
{[%clk 01:13:27]} {[%emt 00:01:20]} h6 {[%clk 01:28:32]} {[%emt 00:01:32]} 10.
g3 {[%clk 01:04:47]} {[%emt 00:09:10]} Qc7 {[%clk 01:26:55]} {[%emt 00:02:06]}
11. Re1 {[%clk 01:02:52]} {[%emt 00:02:25]} Ne4 {[%clk 01:25:59]} {[%emt
00:01:26]} 12. Nh4 {[%clk 01:02:32]} {[%emt 00:00:52]} Bh7 {[%clk 01:24:18]}
{[%emt 00:02:10]} 13. f4 {[%clk 01:02:35]} {[%emt 00:00:28]} Ndf6 {[%clk
01:23:47]} {[%emt 00:01:00]} 14. Nxe4 {[%clk 00:54:08]} {[%emt 00:08:57]} Nxe4
{[%clk 01:23:13]} {[%emt 00:01:04]} 15. Bd3 {[%clk 00:54:20]} {[%emt 00:00:18]}
Nf6 {[%clk 01:22:30]} {[%emt 00:01:13]} 16. Bxh7 {[%clk 00:52:56]} {[%emt
00:01:55]} Nxh7 {[%clk 01:22:03]} {[%emt 00:00:57]} 17. Nf3 {[%clk 00:53:18]}
{[%emt 00:00:08]} Nf6 {[%clk 01:21:59]} {[%emt 00:00:34]} 18. Nd2 {[%clk
00:53:33]} {[%emt 00:00:15]} c5 {[%clk 01:20:51]} {[%emt 00:01:37]} 19. e4
{[%clk 00:50:51]} {[%emt 00:03:13]} dxe4 {[%clk 01:20:54]} {[%emt 00:00:27]}
20. Nxe4 {[%clk 00:51:13]} {[%emt 00:00:08]} Nxe4 {[%clk 01:20:28]} {[%emt
00:00:55]} 21. Rxe4 {[%clk 00:51:38]} {[%emt 00:00:05]} cxd4 {[%clk 01:20:34]}
{[%emt 00:00:25]} 22. Bxd4 {[%clk 00:50:22]} {[%emt 00:01:46]} Bc5 {[%clk
01:16:08]} {[%emt 00:04:55]} 23. Kf1 {[%clk 00:49:10]} {[%emt 00:01:42]} Bxd4
{[%clk 01:15:42]} {[%emt 00:00:56]} 24. Rxd4 {[%clk 00:49:33]} {[%emt
00:00:07]} Rfd8 {[%clk 01:15:20]} {[%emt 00:00:52]} 25. Ke2 {[%clk 00:39:16]}
{[%emt 00:10:48]} e5 {[%clk 01:10:46]} {[%emt 00:05:04]} 26. Rd5 {[%clk
00:32:13]} {[%emt 00:07:33]} exf4 {[%clk 01:09:10]} {[%emt 00:02:07]} 27. Kf3
{[%clk 00:29:54]} {[%emt 00:02:47]} fxg3 {[%clk 01:07:49]} {[%emt 00:01:51]}
28. hxg3 {[%clk 00:30:18]} {[%emt 00:00:06]} Qc6 {[%clk 01:06:25]} {[%emt
00:01:54]} 29. Kg2 {[%clk 00:25:17]} {[%emt 00:05:32]} Rxd5 {[%clk 01:06:23]}
{[%emt 00:00:32]} 30. Qxd5 {[%clk 00:23:28]} {[%emt 00:02:19]} Qxd5 {[%clk
01:06:17]} {[%emt 00:00:35]} 31. cxd5 {[%clk 00:23:52]} {[%emt 00:00:06]} Rd8
{[%clk 01:05:42]} {[%emt 00:01:04]} 32. Rd1 {[%clk 00:24:13]} {[%emt 00:00:10]}
f6 {[%clk 01:05:47]} {[%emt 00:00:25]} 33. Kf3 {[%clk 00:24:34]} {[%emt
00:00:09]} Kf7 {[%clk 01:05:51]} {[%emt 00:00:26]} 34. Ke4 {[%clk 00:24:57]}
{[%emt 00:00:07]} Re8 {[%clk 01:05:38]} {[%emt 00:00:43]} 35. Kd4 {[%clk
00:25:02]} {[%emt 00:00:25]} Ke7 {[%clk 01:05:47]} {[%emt 00:00:21]} 36. Re1
{[%clk 00:22:28]} {[%emt 00:03:05]} Kd7 {[%clk 01:06:01]} {[%emt 00:00:14]} 37.
Rxe8 {[%clk 00:22:36]} {[%emt 00:00:24]} Kxe8 {[%clk 01:06:25]} {[%emt
00:00:05]} 38. Ke4 {[%clk 00:22:59]} {[%emt 00:00:07]} g6 {[%clk 01:05:51]}
{[%emt 00:01:03]} 39. a4 {[%clk 00:23:12]} {[%emt 00:00:18]} Ke7 {[%clk
01:05:43]} {[%emt 00:00:33]} 40. b4 {[%clk 00:23:23]} {[%emt 00:00:24]} Kd6
{[%clk 01:05:36]} {[%emt 00:00:36]} 41. Kd4 {[%clk 00:23:19]} {[%emt 00:00:36]}
f5 {[%clk 01:05:42]} {[%emt 00:00:23]} 42. b5 {[%clk 00:23:29]} {[%emt
00:00:21]} b6 {[%clk 01:06:02]} {[%emt 00:00:09]} 0-1

[Event "DVM U14 2022"]
[Site "Kelheim GER"]
[Date "2022.12.29"]
[Round "5"]
[White "Pimenov, Danil"]
[Black "Nhan, Jinhon Raymon"]
[Result "1/2-1/2"]
[Termination "normal"]
[Board "7.1"]
[WhiteElo "1378"]
[BlackElo "1511"]
[WhiteClock "00:44:13"]
[BlackClock "00:01:24"]
[WhiteTeam "SC Borussia Lichtenberg"]
[BlackTeam "Schachvereinigung 1920 Plettenberg e. V."]
[PlyCount "80"]
[WhiteFideId "34600248"]
[BlackFideId "16284690"]
[EventCountry "GER"]
[EventRounds "7"]
[EventType "team-swiss"]
[EventDate "2022.12.26"]

1. e4 {[%clk 01:30:56]} {[%emt 00:00:05]} e6 {[%clk 01:30:50]} {[%emt
00:00:09]} 2. d4 {[%clk 01:31:22]} {[%emt 00:00:03]} d5 {[%clk 01:31:12]}
{[%emt 00:00:09]} 3. exd5 {[%clk 01:31:46]} {[%emt 00:00:05]} exd5 {[%clk
01:31:35]} {[%emt 00:00:09]} 4. Nf3 {[%clk 01:32:11]} {[%emt 00:00:04]} Nf6
{[%clk 01:31:39]} {[%emt 00:00:26]} 5. c4 {[%clk 01:32:26]} {[%emt 00:00:15]}
c6 {[%clk 01:31:21]} {[%emt 00:00:49]} 6. Nc3 {[%clk 01:32:48]} {[%emt
00:00:07]} Bb4 {[%clk 01:30:18]} {[%emt 00:01:34]} 7. Bd3 {[%clk 01:32:56]}
{[%emt 00:00:23]} O-O {[%clk 01:30:17]} {[%emt 00:00:30]} 8. O-O {[%clk
01:33:16]} {[%emt 00:00:09]} dxc4 {[%clk 01:28:56]} {[%emt 00:01:52]} 9. Bxc4
{[%clk 01:33:37]} {[%emt 00:00:08]} Nbd7 {[%clk 01:28:38]} {[%emt 00:00:48]}
10. Bg5 {[%clk 01:33:43]} {[%emt 00:00:24]} h6 {[%clk 01:27:55]} {[%emt
00:01:13]} 11. Bh4 {[%clk 01:34:06]} {[%emt 00:00:08]} Nb6 {[%clk 01:24:33]}
{[%emt 00:03:51]} 12. Bb3 {[%clk 01:32:34]} {[%emt 00:02:02]} Bg4 {[%clk
01:20:03]} {[%emt 00:05:00]} 13. Qd3 {[%clk 01:24:29]} {[%emt 00:08:36]} Be7
{[%clk 01:14:54]} {[%emt 00:05:39]} 14. Rad1 {[%clk 01:23:22]} {[%emt
00:01:36]} Nfd5 {[%clk 01:08:39]} {[%emt 00:06:46]} 15. Bxe7 {[%clk 01:21:54]}
{[%emt 00:01:57]} Nxe7 {[%clk 01:00:18]} {[%emt 00:08:52]} 16. Rfe1 {[%clk
01:20:29]} {[%emt 00:01:55]} Bf5 {[%clk 00:52:42]} {[%emt 00:08:06]} 17. Qd2
{[%clk 01:20:05]} {[%emt 00:00:53]} Ned5 {[%clk 00:52:15]} {[%emt 00:00:58]}
18. Re5 {[%clk 01:19:11]} {[%emt 00:01:23]} Be6 {[%clk 00:49:26]} {[%emt
00:03:21]} 19. Na4 {[%clk 01:09:24]} {[%emt 00:10:15]} Nxa4 {[%clk 00:45:14]}
{[%emt 00:04:43]} 20. Bxa4 {[%clk 01:09:35]} {[%emt 00:00:19]} Nb6 {[%clk
00:45:23]} {[%emt 00:00:21]} 21. Bb3 {[%clk 01:09:11]} {[%emt 00:00:54]} Bxb3
{[%clk 00:44:53]} {[%emt 00:01:00]} 22. axb3 {[%clk 01:09:36]} {[%emt
00:00:05]} Re8 {[%clk 00:38:42]} {[%emt 00:06:42]} 23. Rde1 {[%clk 01:08:56]}
{[%emt 00:01:09]} Qd7 {[%clk 00:33:57]} {[%emt 00:05:15]} 24. Qe3 {[%clk
01:08:13]} {[%emt 00:01:13]} Rxe5 {[%clk 00:26:47]} {[%emt 00:07:41]} 25. Qxe5
{[%clk 01:07:43]} {[%emt 00:01:00]} Qd5 {[%clk 00:23:25]} {[%emt 00:03:52]} 26.
Qe3 {[%clk 01:04:22]} {[%emt 00:03:51]} Rd8 {[%clk 00:22:05]} {[%emt 00:01:50]}
27. h3 {[%clk 01:03:21]} {[%emt 00:01:30]} Qd6 {[%clk 00:19:05]} {[%emt
00:03:30]} 28. Qe4 {[%clk 00:59:53]} {[%emt 00:03:58]} Nd5 {[%clk 00:17:56]}
{[%emt 00:01:40]} 29. g3 {[%clk 00:52:59]} {[%emt 00:07:23]} Nc7 {[%clk
00:14:10]} {[%emt 00:04:17]} 30. Qe7 {[%clk 00:51:23]} {[%emt 00:02:05]} Qd7
{[%clk 00:12:57]} {[%emt 00:01:44]} 31. Kg2 {[%clk 00:50:35]} {[%emt 00:01:17]}
Ne6 {[%clk 00:13:02]} {[%emt 00:00:26]} 32. Qb4 {[%clk 00:47:31]} {[%emt
00:03:32]} Qc7 {[%clk 00:09:59]} {[%emt 00:03:34]} 33. Re5 {[%clk 00:46:01]}
{[%emt 00:02:00]} b6 {[%clk 00:08:29]} {[%emt 00:02:00]} 34. Qc4 {[%clk
00:44:34]} {[%emt 00:01:56]} a5 {[%clk 00:07:35]} {[%emt 00:01:25]} 35. d5
{[%clk 00:43:56]} {[%emt 00:01:08]} cxd5 {[%clk 00:05:20]} {[%emt 00:02:45]}
36. Rxd5 {[%clk 00:43:57]} {[%emt 00:00:29]} Qxc4 {[%clk 00:04:22]} {[%emt
00:01:29]} 37. Rxd8 {[%clk 00:44:14]} {[%emt 00:00:12]} Nxd8 {[%clk 00:04:50]}
{[%emt 00:00:02]} 38. bxc4 {[%clk 00:44:31]} {[%emt 00:00:13]} Nc6 {[%clk
00:04:41]} {[%emt 00:00:40]} 39. Nd2 {[%clk 00:44:07]} {[%emt 00:00:53]} Kf8
{[%clk 00:02:51]} {[%emt 00:02:21]} 40. Kf3 {[%clk 00:44:13]} {[%emt 00:00:24]}
Ke7 {[%clk 00:01:24]} {[%emt 00:01:57]} 1/2-1/2

[Event "DVM U14 2022"]
[Site "Kelheim GER"]
[Date "2022.12.29"]
[Round "5"]
[White "Nhan, Jiehou"]
[Black "Maltsev, Mark"]
[Result "1-0"]
[Termination "normal"]
[Board "7.2"]
[WhiteElo "1378"]
[BlackElo "1428"]
[WhiteClock "01:00:51"]
[BlackClock "01:10:23"]
[WhiteTeam "Schachvereinigung 1920 Plettenberg e. V."]
[BlackTeam "SC Borussia Lichtenberg"]
[PlyCount "35"]
[WhiteFideId "34608214"]
[BlackFideId "34117806"]
[EventCountry "GER"]
[EventRounds "7"]
[EventType "team-swiss"]
[EventDate "2022.12.26"]

1. e4 {[%clk 01:30:53]} {[%emt 00:00:07]} c5 {[%clk 01:30:59]} {[%emt
00:00:02]} 2. c3 {[%clk 01:30:59]} {[%emt 00:00:24]} Nf6 {[%clk 01:31:10]}
{[%emt 00:00:19]} 3. e5 {[%clk 01:30:54]} {[%emt 00:00:35]} Nd5 {[%clk
01:31:34]} {[%emt 00:00:06]} 4. d4 {[%clk 01:30:43]} {[%emt 00:00:40]} cxd4
{[%clk 01:31:45]} {[%emt 00:00:20]} 5. cxd4 {[%clk 01:30:45]} {[%emt 00:00:28]}
e6 {[%clk 01:32:00]} {[%emt 00:00:14]} 6. Nc3 {[%clk 01:30:14]} {[%emt
00:01:01]} Nxc3 {[%clk 01:32:19]} {[%emt 00:00:12]} 7. bxc3 {[%clk 01:30:27]}
{[%emt 00:00:17]} d5 {[%clk 01:32:25]} {[%emt 00:00:23]} 8. Bd2 {[%clk
01:28:10]} {[%emt 00:02:47]} Be7 {[%clk 01:31:34]} {[%emt 00:01:21]} 9. Qg4
{[%clk 01:25:58]} {[%emt 00:02:43]} g6 {[%clk 01:29:41]} {[%emt 00:02:23]} 10.
Nf3 {[%clk 01:23:36]} {[%emt 00:02:51]} h5 {[%clk 01:29:55]} {[%emt 00:00:16]}
11. Qg3 {[%clk 01:21:51]} {[%emt 00:02:15]} Bd7 {[%clk 01:23:17]} {[%emt
00:07:09]} 12. Bd3 {[%emt 00:04:36]} Nc6 {[%clk 01:22:45]} {[%emt 00:01:01]}
13. h4 {[%clk 01:12:53]} {[%emt 00:05:23]} Qc7 {[%clk 01:20:30]} {[%emt
00:02:45]} 14. Ng5 {[%clk 01:09:21]} {[%emt 00:04:02]} Na5 {[%clk 01:17:13]}
{[%emt 00:03:46]} 15. Nxf7 {[%clk 00:59:56]} {[%emt 00:09:55]} Kxf7 {[%clk
01:16:32]} {[%emt 00:01:12]} 16. Bxg6 {[%clk 01:00:10]} {[%emt 00:00:16]} Kg7
{[%clk 01:10:07]} {[%emt 00:06:54]} 17. Bxh5 {[%clk 01:00:28]} {[%emt
00:00:13]} Kf8 {[%clk 01:10:23]} {[%emt 00:00:14]} 18. Qf4 {[%clk 01:00:51]}
{[%emt 00:00:07]} 1-0